Giganci technologii #1 - Google - Statystyki

Ogólne statystyki
  • Ten quiz został rozwiązany 11 razy
  • Średni wynik to 5 z 17
Statystyki odpowiedzi
Wskazówka Odpowiedź % Poprawnych
Przeglądarka internetowa Google Chrome
90%
Aplikacja pocztowa Google Gmail
90%
Mobilny system operacyjny Google Android
70%
Liczba zer w gugolu (liczba) 100
60%
Flagowy smartfon Google'a Pixel
50%
Działalność, z której Google czerpie zdecydowaną większość swoich przychodów Reklamowanie
30%
Witryna należąca do Google, która ma więcej odwiedzin niż jakakolwiek inna witryna poza samym Google YouTube
30%
Główne państwo, które zablokowało dostęp do google.com od 2010 roku Chiny
20%
Ffirma, z którą Google próbowało (lecz nie udało mu się) konkurować, uruchamiając Google+ Facebook
10%
Współzałożyciele Google (podaj imię i nazwisko) Larry Page / Sergey Brin
10%
Czego Google kiedyś unikało za pomocą legalnego, ale wątpliwego porozumienia „Double Irish” Podatki
10%
Uniwersytet, na którym powstało Google Stanford
10%
Spółka holdingowa będąca właścicielem Google i jego „innych zakładów” Alfabet
0%
Konkurent Google’a, ChatGPT, który miał katastrofalny debiut w 2023 roku Bard
0%
Dawne nieoficjalne motto Google’a (po angielsku) Don't be {evil}
0%
"Smart" thermostat company which Google acquired in 2014 Nest
0%
Product made by Google's Waymo subsidiary Samochody autonomiczne
0%
Nie znaleziono quizów pasujących do podanych kryteriów
Rozkład punktacji
Procent ludzi z każdym wynikiem
Percentyl według liczby udzielonych odpowiedzi
Twoja historia wyników
Nie rozwiązałeś tego quizu